Strzelcy bramek w półfinałach Euro 2021. - Statystyki

Ogólne statystyki
  • Ten quiz został rozwiązany 71 razy
  • Średni wynik to 4 z 5
Statystyki odpowiedzi
Mecz Piłkarz % Poprawnych
Anglia - Dania 2:1 Kane
98%
Włochy - Hiszpania 1:1 Morata
95%
Włochy - Hiszpania 1:0 Chiesa
81%
Anglia - Dania 1:1 (Bramka Samobójcza) Kjaer
67%
Anglia - Dania 0:1 Damsgaard
63%
Nie znaleziono quizów pasujących do podanych kryteriów
Rozkład punktacji
Procent ludzi z każdym wynikiem
Percentyl według liczby udzielonych odpowiedzi
Twoja historia wyników
Nie rozwiązałeś tego quizu